| 000 | 01202nam a22003377a 4500 | ||
|---|---|---|---|
| 003 | CHAP | ||
| 005 | 20220817044506.0 | ||
| 008 | 111021s2007 it r 00010 d | ||
| 010 | _a102430 | ||
| 011 | _a103402 | ||
| 020 | _a9789250057019 | ||
| 035 | _a114091 | ||
| 040 | _cCHAP | ||
| 082 | 1 | 0 |
_a639.2 _bF46b v.823 |
| 110 | 2 | _aFAO | |
| 245 | 1 | 0 |
_aReport of the session of the south west Indian Ocean Fisheries commission (2o.) = Rapport de la session de la commission des pêches pour le Sud - Ouest de l<U+2019>Océan Indien (2o.) _c/por FAO |
| 260 |
_aRoma : _bFAO, _c2007 |
||
| 300 | _avi, 61 p. | ||
| 490 | 0 |
_aFAO. Informe de pesca _v; 823 |
|
| 500 | _aEdición bilingüe (inglés - francés) | ||
| 500 | _aMaputo, Mozambique, 22-25 August 2006 | ||
| 590 |
_aBATCH-UPD _b10 _c20130110 _lUCH01 _h1045 |
||
| 590 |
_aBATCH-UPD _b10 _c20130410 _lUCH01 _h0644 |
||
| 590 |
_aBATCH-UPD _b10 _c20130914 _lUCH01 _h1350 |
||
| 590 |
_aCONVERSION _b10 _c20130109 _lUCH01 _h1356 |
||
| 650 | 1 | 4 |
_aPesca _xOcéano Indico. _987406 |
| 830 | 0 |
_aFAO. Informe de pesca _v; 823 _939587 |
|
| 901 | _aBK | ||
| 942 | _cLIBRO | ||
| 949 |
_a639.2 F46 v.823 _bBC _cFAO _d33724002086587 _eFAO1 _gDonaciØn _h116002 _i114091 _sb |
||
| 999 |
_c102430 _d102430 |
||